000 00946nam a2200313 i 4500
003 DO-SdBNP
005 20260321073646.0
007 ta
008 240320b1988 dr ab||| |||| 00| 0 spa d
020 _a
020 _a
040 _aDO-SdBNP
_bspa
_cBNPHU
_erda
041 _hspa
082 4 _a972.91
_bB742c, 1988
_222
100 1 _a Bosch, Juan,
_d1909-2001
_eautor
_4aut.
_976555
245 1 0 _aCuba, la isla fascinante /
_cJuan Bosch
250 _aSegunda edición
264 4 _aSanto Domingo :
_bEditora Alfa & Omega,
_c1988.
300 _a252 páginas :
_bilustraciones, retratos ;
_c21 cm.
336 _atexto
_btxt
_2rdacontent
337 _asin mediación
_bn
_2rdamedia
338 _avolumen
_bnc
_2rdacarrier
533 _afacsímile
_bChile
_cUniversiaria
_d1955.
590 _aInventariado, 2024/BT
651 4 _aCuba
_xHistoria
_9493
_2Lemb
651 4 _aCuba
_xCivilización
_9494
_2Lemb
910 _aBtavárez
942 _2ddc
_cLBS1
999 _c56165
_d56165